| 000 | 01061nam a22002537a 4500 | ||
|---|---|---|---|
| 005 | 20170124103023.0 | ||
| 010 | _aA-957107 | ||
| 020 |
_c110.00 _a818630620 |
||
| 035 | _aA-957107 | ||
| 037 | _bCen Lib/Ret | ||
| 040 |
_aDPL _bHN |
||
| 082 |
_aक _bनिर्मल |
||
| 100 |
_aनिर्मल कुमार _961135 |
||
| 245 |
_aअजीब दासताँ है जिंदगी : _cनिर्मल कुमार _bकहानी संग्रह / |
||
| 246 |
_aAjeeb dastaan hai zindagi : kahani sangreh / _bby Nirmal Kumar |
||
| 260 |
_aनई दिल्ली _bसमानांतर प्रकाशन _c1999 |
||
| 270 |
_a7/7, दरियागंज _bनई दिल्ली _e110002 |
||
| 300 |
_a119पृ. _c20सेमी (सजिल्द) |
||
| 650 |
_aहिन्दी -- साहित्य _961136 |
||
| 650 |
_aहिन्दी -- कहानी _9779 |
||
| 650 |
_aHindi -- Literature _961137 |
||
| 650 |
_aHindi -- Story _943117 |
||
| 942 |
_2ddc _cHN _hक _mनिर्मल |
||
| 999 |
_c115371 _d115371 |
||